000 00642nam a2200169Ia 4500
008 240729s9999 xx 000 0 und d
022 _a2355-7826
245 0 _aBisnis & Birokrasi: Jurnal Ilmu Administrasi dan Organisasi (International Journal of Administrative Sciences & Organization)
260 _aIndonesia
260 _bFaculty of Administrative Science, Universitas Indonesia
650 _a Commerce | Political science
650 _a Political institutions and public administration (General)
650 _aSocial Sciences
856 _uhttps://doaj.org/toc/b74b433baf494adf8882980ceffba7fb
942 _2ddc
942 _cDOAJEJ
999 _c68146
_d68146
945 _a1
_bMadushi Gamage
_c1
_dMadushi Gamage